000 00203 a2200097 4500
001 903
100 _aAmos,.S.W
245 _aRadio receivers & transmitters
260 _a
_bChapman
_c
090 _c493
_d493
942 _aNUST-CAE
_cM
_c31300
999 _c235976
_d235976